[Event "Masters-Juniors"]
[Site "Montreal CAN"]
[Date "1997.??.??"]
[Round "5"]
[White "Hebert, Jean"]
[Black "Charbonneau, Pascal"]
[Result "1-0"]
[WhiteElo "2450"]
[BlackElo "2160"]
[PlyCount "115"]
[GameId "2160767911874330"]
[EventDate "1997.12.17"]
[EventType "schev"]
[EventRounds "6"]
[EventCountry "CAN"]
[SourceTitle "EXT 2001"]
[Source "ChessBase"]
[SourceDate "2000.11.22"]
[SourceVersion "1"]
[SourceVersionDate "2000.11.22"]
[SourceQuality "1"]

1. d4 d5 2. c4 dxc4 3. e4 Nf6 4. e5 Nd5 5. Bxc4 Nb6 6. Bd3 Nc6 7. Be3 Nb4 8. Be4 f5 9. exf6 exf6 10. Nc3 f5 11. Bb1 Be6 12. Nf3 Bd6 13. Ng5 Qd7 14. Qf3 g6 15. a3 N4d5 16. Nxe6 Qxe6 17. Ba2 c6 18. O-O O-O-O 19. a4 a5 20. Bg5 Rde8 21. Bd2 Bc7 22. Rfc1 Qd6 23. g3 Kb8 24. Nxd5 Nxd5 25. Bxd5 Qxd5 26. Qxd5 cxd5 27. Rc5 Re2 28. Rd1 Rd8 29. Rb5 f4 30. Kf1 f3 31. Rb3 Re4 32. Be1 Rf8 33. Rdd3 g5 34. Rxf3 Rxf3 35. Rxf3 Rxd4 36. b3 Re4 37. Rf5 Re5 38. Rf8+ Ka7 39. Rf7 Bb6 40. Rxh7 d4 41. Rd7 Rf5 42. Kg2 Re5 43. Kf1 Rf5 44. h3 Rf3 45. Rd5 Rxb3 46. Rxg5 Rb1 47. Rd5 Ra1 48. h4 Rxa4 49. h5 Ka6 50. h6 Rc4 51. g4 a4 52. h7 Rc8 53. Bb4 Rh8 54. Rh5 Bd8 55. Bd6 Bf6 56. Rh6 d3 57. Be7 d2 58. Ke2 1-0

[Event "Masters-Juniors"]
[Site "Montreal CAN"]
[Date "1997.??.??"]
[Round "6"]
[White "Khassanov, Marat"]
[Black "Charbonneau, Pascal"]
[Result "1-0"]
[WhiteElo "2325"]
[BlackElo "2160"]
[PlyCount "101"]
[GameId "2160767911874338"]
[EventDate "1997.12.17"]
[EventType "schev"]
[EventRounds "6"]
[EventCountry "CAN"]
[SourceTitle "EXT 2001"]
[Source "ChessBase"]
[SourceDate "2000.11.22"]
[SourceVersion "1"]
[SourceVersionDate "2000.11.22"]
[SourceQuality "1"]

1. Nf3 Nf6 2. c4 c5 3. Nc3 e6 4. e4 d6 5. d4 cxd4 6. Nxd4 Be7 7. Be2 a6 8. O-O O-O 9. Be3 Qc7 10. Qd2 b6 11. Rfc1 Bb7 12. f3 Nbd7 13. Bf1 Rac8 14. Kh1 Qb8 15. Bg1 Rfd8 16. Nc2 Bf8 17. Ne3 g6 18. Rab1 Bh6 19. Qf2 Bc6 20. a4 Qa8 21. b4 a5 22. b5 Bb7 23. Rd1 Nc5 24. Nc2 Bg7 25. Nd4 Ne8 26. Qe3 Qb8 27. Rd2 h5 28. Qg5 Kh7 29. Be3 Qc7 30. Be2 Rd7 31. Bd1 Qd8 32. Bc2 Qxg5 33. Bxg5 Bxd4 34. Rxd4 e5 35. Rdd1 Ne6 36. Bd2 Rxc4 37. Bb3 Rc8 38. Nd5 Bxd5 39. Bxd5 Nc5 40. Ra1 Nf6 41. Bc6 Rdd8 42. Be3 Kg7 43. Ra2 Kf8 44. Bg5 Ke7 45. Rad2 Nxa4 46. f4 Ke6 47. fxe5 Kxe5 48. Rf1 Nxe4 49. Bxe4 Kxe4 50. Re1+ Kf5 51. Rd5+ 1-0

[Event "Botvinnik Anti Meran mem."]
[Site "Montreal CAN"]
[Date "1997.11.01"]
[Round "1"]
[White "Bolduc, Steve"]
[Black "Charbonneau, Pascal"]
[Result "1/2-1/2"]
[WhiteElo "2182"]
[BlackElo "2164"]
[PlyCount "108"]
[GameId "2160767911874423"]
[EventDate "1997.11.01"]
[EventType "swiss"]
[EventRounds "4"]
[EventCountry "CAN"]
[SourceTitle "FQE 01"]

1. d4 d5 2. c4 c6 3. Nf3 Nf6 4. Nc3 e6 5. Bg5 dxc4 6. e4 b5 7. e5 h6 8. Bh4 g5 9. exf6 gxh4 10. Ne5 Qxf6 11. a4 Bb7 12. Be2 Bb4 13. Bf3 Qe7 14. O-O h3 15. axb5 cxb5 16. Nxb5 Rg8 17. g3 Kf8 18. Na3 c3 19. bxc3 Bxa3 20. Rxa3 Nc6 21. Rb3 Na5 22. Rb5 f6 23. Rxa5 fxe5 24. Rxe5 Rg5 25. Rfe1 Qf7 26. Bxb7 Qxb7 27. f3 Rxe5 28. Rxe5 Qb2 29. Re2 Qxc3 30. Rxe6 Rd8 31. Re4 Qb2 32. Re2 Rxd4 33. Rxb2 Rxd1+ 34. Kf2 Rh1 35. Rb8+ Kf7 36. g4 Rxh2+ 37. Kg3 Ra2 38. Kxh3 a5 39. Rh8 Ra1 40. Kh2 Kf6 41. Rxh6+ Kg5 42. Rh5+ Kg6 43. Kg3 a4 44. Ra5 a3 45. Ra6+ Kg7 46. Kf4 a2 47. g5 Kh7 48. Kf5 Rf1 49. Ra7+ Kg8 50. Rxa2 Rxf3+ 51. Kg6 Rf8 52. Ra6 Rb8 53. Re6 Ra8 54. Kh6 Ra1 1/2-1/2

[Event "Botvinnik Anti Meran mem."]
[Site "Montreal CAN"]
[Date "1997.11.01"]
[Round "2"]
[White "Charbonneau, Pascal"]
[Black "Hebert, Jean"]
[Result "0-1"]
[WhiteElo "2164"]
[BlackElo "2454"]
[PlyCount "86"]
[GameId "2160767911874427"]
[EventDate "1997.11.01"]
[EventType "swiss"]
[EventRounds "4"]
[EventCountry "CAN"]
[SourceTitle "FQE 01"]

1. d4 d5 2. c4 c6 3. Nf3 Nf6 4. Nc3 e6 5. Bg5 dxc4 6. e4 b5 7. e5 h6 8. Bh4 g5 9. Nxg5 Nd5 10. Nf3 Qa5 11. Qd2 Ba6 12. Be2 b4 13. Ne4 c3 14. bxc3 bxc3 15. Qc2 Bxe2 16. Kxe2 Qa6+ 17. Kd1 Nd7 18. Nxc3 Rb8 19. Nxd5 cxd5 20. Rb1 Rxb1+ 21. Qxb1 Nb6 22. Qc2 Nc4 23. Nd2 Be7 24. Bxe7 Kxe7 25. Nxc4 Rc8 26. Kd2 Rxc4 27. Qb2 Qa5+ 28. Kd3 Rb4 29. Qc3 Qb5+ 30. Ke3 Rc4 31. Qa3+ Ke8 32. Qd3 Qa5 33. Qd2 Rc3+ 34. Ke2 Qb5+ 35. Ke1 Qb1+ 36. Ke2 Qe4+ 37. Kf1 Qb1+ 38. Ke2 Qb5+ 39. Ke1 Qc4 40. Qxh6 Rc1+ 41. Kd2 Qc2+ 42. Ke3 Qe4+ 43. Kd2 Rc2+ 0-1

[Event "Botvinnik Anti Meran mem."]
[Site "Montreal CAN"]
[Date "1997.11.01"]
[Round "3"]
[White "Rousseau, Daniel"]
[Black "Charbonneau, Pascal"]
[Result "1-0"]
[WhiteElo "2038"]
[BlackElo "2164"]
[PlyCount "53"]
[GameId "2160767911874434"]
[EventDate "1997.11.01"]
[EventType "swiss"]
[EventRounds "4"]
[EventCountry "CAN"]
[SourceTitle "FQE 01"]

1. d4 d5 2. c4 c6 3. Nf3 Nf6 4. Nc3 e6 5. Bg5 dxc4 6. e4 b5 7. e5 h6 8. Bh4 g5 9. Nxg5 hxg5 10. Bxg5 Nbd7 11. g3 Bb7 12. Bg2 Qb6 13. exf6 c5 14. d5 O-O-O 15. O-O b4 16. Rb1 Bh6 17. h4 Bxg5 18. hxg5 Ne5 19. Qe2 Nd3 20. dxe6 Bxg2 21. Kxg2 bxc3 22. bxc3 Qc6+ 23. f3 fxe6 24. Rh1 Rhg8 25. Qe3 Qd5 26. Rh7 Qxg5 27. Qxe6+ 1-0

[Event "Botvinnik Anti Meran mem."]
[Site "Montreal CAN"]
[Date "1997.11.01"]
[Round "4"]
[White "Charbonneau, Pascal"]
[Black "Laurain, Guy1"]
[Result "1/2-1/2"]
[WhiteElo "2164"]
[BlackElo "1984"]
[PlyCount "78"]
[GameId "2160767911874435"]
[EventDate "1997.11.01"]
[EventType "swiss"]
[EventRounds "4"]
[EventCountry "CAN"]
[SourceTitle "EXT 2022"]
[Source "ChessBase"]
[SourceDate "2021.10.06"]
[SourceVersion "1"]
[SourceVersionDate "2021.10.06"]
[SourceQuality "1"]

1. d4 d5 2. c4 c6 3. Nf3 Nf6 4. Nc3 e6 5. Bg5 dxc4 6. e4 b5 7. e5 h6 8. Bh4 g5 9. Nxg5 hxg5 10. Bxg5 Nbd7 11. exf6 Bb7 12. g3 Qb6 13. Bg2 b4 14. Na4 Qb5 15. h4 O-O-O 16. O-O Bd6 17. a3 a5 18. axb4 axb4 19. Qe2 Rdg8 20. f4 Kc7 21. Rfc1 Ra8 22. Qxc4 Qxc4 23. Rxc4 Nb6 24. b3 Nxc4 25. bxc4 Ra5 26. c5 Bf8 27. Be4 b3 28. f5 exf5 29. Bf4+ Kd8 30. Bxf5 Bh6 31. Bd6 Bf8 32. Be5 Ba6 33. d5 cxd5 34. c6 Rh5 35. c7+ Ke8 36. Bd7+ Kxd7 37. Nb6+ Kc6 38. Rxa5 Rxe5 39. Rxa6 Kxc7 1/2-1/2

[Event "Drummondville"]
[Site "Drummondville CAN"]
[Date "1997.08.15"]
[Round "1"]
[White "Charbonneau, Pascal"]
[Black "Lacroix, Serge"]
[Result "1/2-1/2"]
[WhiteElo "2183"]
[BlackElo "1998"]
[PlyCount "74"]
[GameId "2160767911932202"]
[EventDate "1997.08.15"]
[EventType "swiss"]
[EventRounds "5"]
[EventCountry "CAN"]
[SourceTitle "Lacroix"]

1. e4 e5 2. Nf3 Nc6 3. Bc4 Nf6 4. d4 Nxe4 5. dxe5 Nc5 6. O-O Be7 7. Nc3 a6 8. Nd5 O-O 9. a4 Ne6 10. b4 d6 11. Ba3 dxe5 12. Nxe7+ Nxe7 13. Nxe5 Ng6 14. Nxg6 hxg6 15. b5 Re8 16. bxa6 Qxd1 17. Rfxd1 bxa6 18. Rab1 Nd8 19. Bd5 c6 20. Bf3 Bf5 21. Re1 Rxe1+ 22. Rxe1 Ne6 23. Bxc6 Rc8 24. Bb7 Rxc2 25. Bxa6 Ra2 26. Bc1 Rxa4 27. Bf1 Ra1 28. Bd2 Ra2 29. Be3 Rb2 30. Rd1 Rb1 31. Rxb1 Bxb1 32. f3 Kf8 33. Kf2 Ke7 34. Bc1 f6 35. Ba3+ Kf7 36. Ke3 g5 37. g3 Bh7 1/2-1/2

[Event "Drummondville"]
[Site "Drummondville CAN"]
[Date "1997.08.17"]
[Round "4"]
[White "Rousseau, Daniel"]
[Black "Charbonneau, Pascal"]
[Result "0-1"]
[WhiteElo "2017"]
[BlackElo "2183"]
[PlyCount "48"]
[GameId "2160767911932213"]
[EventDate "1997.08.15"]
[EventType "swiss"]
[EventRounds "5"]
[EventCountry "CAN"]
[SourceTitle "hb 2011"]

1. d4 f5 2. Qd3 g6 3. g4 d5 4. gxf5 Bxf5 5. Qb5+ Nc6 6. e3 Qd7 7. Bg2 O-O-O 8. Nd2 Nf6 9. Qa4 Kb8 10. Ngf3 e6 11. Nh4 Bd6 12. Nxf5 exf5 13. O-O Rhe8 14. Re1 Nh5 15. Nf3 h6 16. b4 g5 17. b5 Ne7 18. c3 Nc8 19. Nd2 f4 20. Qd1 g4 21. c4 f3 22. Nxf3 gxf3 23. Qxf3 Nf4 24. Bh1 Nh3+ 0-1

[Event "North Bay int."]
[Site "North Bay CAN"]
[Date "1997.08.06"]
[Round "1"]
[White "Charbonneau, Pascal"]
[Black "Day, Lawrence"]
[Result "1-0"]
[WhiteElo "2120"]
[BlackElo "2400"]
[PlyCount "115"]
[GameId "2160767911932229"]
[EventDate "1997.08.06"]
[EventType "swiss"]
[EventRounds "9"]
[EventCountry "CAN"]
[SourceTitle "EXT 97"]
[Source "ChessBase"]
[SourceDate "1997.11.17"]
[SourceVersion "1"]
[SourceVersionDate "1997.11.17"]
[SourceQuality "1"]

1. e4 d5 2. exd5 Qxd5 3. Nc3 Qa5 4. d4 Nf6 5. h3 Bf5 6. Nf3 c6 7. Bc4 e6 8. Bf4 Bb4 9. O-O Bxc3 10. bxc3 Nbd7 11. Rb1 Qxc3 12. Bb3 Qa5 13. Nd2 b5 14. Bd6 Qc3 15. Nf3 Ne4 16. Bb4 Qxb4 17. Bxe6 Qd6 18. Bxf5 Nef6 19. Re1+ Kf8 20. Rb3 Nb6 21. Ne5 g6 22. Qd2 Kg7 23. Rc3 Rhd8 24. Rxc6 Qxd4 25. Qg5 Nbd5 26. c3 Qf4 27. Qxf4 Nxf4 28. Rc7 Rf8 29. Be4 Ne6 30. Rxf7+ Rxf7 31. Bxa8 Re7 32. Bc6 Nc7 33. Kf1 Nfd5 34. Bxd5 Nxd5 35. c4 bxc4 36. Nxc4 Rc7 37. Ne3 Nxe3+ 38. Rxe3 Rc1+ 39. Re1 Rc2 40. Re7+ Kf6 41. Rxa7 h5 42. g3 h4 43. gxh4 Rc4 44. Ra6+ Kg7 45. Kg2 Rxh4 46. a4 Kh6 47. Ra8 Kg7 48. a5 Ra4 49. a6 Ra3 50. f3 Ra2+ 51. Kg3 Ra4 52. f4 Ra1 53. a7 Ra3+ 54. Kg4 Ra1 55. h4 Rg1+ 56. Kf3 Rf1+ 57. Kg2 Ra1 58. h5 1-0

[Event "Quebec op"]
[Site "Montreal CAN"]
[Date "1997.07.26"]
[Round "1"]
[White "Levtchouk, George"]
[Black "Charbonneau, Pascal"]
[Result "1-0"]
[WhiteElo "2348"]
[BlackElo "2157"]
[PlyCount "51"]
[GameId "2160767911932291"]
[EventDate "1997.07.26"]
[EventType "swiss"]
[EventRounds "9"]
[EventCountry "CAN"]
[SourceTitle "EXT 97"]
[Source "ChessBase"]
[SourceDate "1997.11.17"]
[SourceVersion "1"]
[SourceVersionDate "1997.11.17"]
[SourceQuality "1"]

1. d4 f5 2. Nf3 Nf6 3. g3 e6 4. Bg2 Be7 5. O-O O-O 6. c4 d6 7. b4 Ne4 8. Bb2 Bf6 9. Qb3 Kh8 10. Nc3 c6 11. Nxe4 fxe4 12. Nd2 d5 13. f3 exf3 14. Rxf3 dxc4 15. Qxc4 b6 16. e3 Qe7 17. a4 Bb7 18. e4 Nd7 19. e5 Bg5 20. Ne4 Rxf3 21. Bxf3 Rf8 22. Qd3 Ba6 23. b5 cxb5 24. Bg2 Nb8 25. a5 Bc8 26. Ba3 1-0

[Event "Quebec op"]
[Site "Montreal CAN"]
[Date "1997.07.27"]
[Round "2"]
[White "Charbonneau, Pascal"]
[Black "Rashev, Nick"]
[Result "1-0"]
[WhiteElo "2157"]
[BlackElo "2015"]
[PlyCount "89"]
[GameId "2160767911932303"]
[EventDate "1997.07.26"]
[EventType "swiss"]
[EventRounds "9"]
[EventCountry "CAN"]
[SourceTitle "EXT 97"]
[Source "ChessBase"]
[SourceDate "1997.11.17"]
[SourceVersion "1"]
[SourceVersionDate "1997.11.17"]
[SourceQuality "1"]

1. e4 c5 2. Nf3 Nc6 3. Nc3 d6 4. d4 cxd4 5. Nxd4 Nf6 6. Bc4 Qb6 7. Nb3 e6 8. O-O Be7 9. Be3 Qc7 10. Bd3 a6 11. a4 b6 12. f4 O-O 13. g4 Re8 14. g5 Nd7 15. Qh5 g6 16. Qh4 h5 17. Ne2 Nb4 18. Rac1 Bf8 19. Bd4 Bb7 20. Ng3 e5 21. fxe5 dxe5 22. Be3 Bg7 23. Be2 Qc6 24. c3 Na2 25. Rcd1 Rad8 26. Nd2 b5 27. Rf2 Rf8 28. Rdf1 Nc5 29. a5 Na4 30. Rf6 Rd6 31. Nxh5 gxh5 32. Bxh5 Qd7 33. Rxf7 Rxf7 34. Bxf7+ Qxf7 35. Rxf7 Kxf7 36. Qh5+ Rg6 37. Nf3 Bxe4 38. Nh4 Nxb2 39. Nxg6 Bxg6 40. Qe2 Nxc3 41. Qxb2 Nd5 42. Kf2 Ke6 43. Qc1 Nxe3 44. Kxe3 Bf8 45. Qc6+ 1-0

[Event "Quebec op"]
[Site "Montreal CAN"]
[Date "1997.07.27"]
[Round "3"]
[White "Leger, Manon"]
[Black "Charbonneau, Pascal"]
[Result "1/2-1/2"]
[WhiteElo "1865"]
[BlackElo "2157"]
[PlyCount "98"]
[GameId "2160767911932333"]
[EventDate "1997.07.26"]
[EventType "swiss"]
[EventRounds "9"]
[EventCountry "CAN"]
[SourceTitle "EXT 97"]
[Source "ChessBase"]
[SourceDate "1997.11.17"]
[SourceVersion "1"]
[SourceVersionDate "1997.11.17"]
[SourceQuality "1"]

1. e4 c5 2. Nf3 Nc6 3. d4 cxd4 4. Nxd4 e5 5. Nb5 d6 6. N1c3 a6 7. Na3 b5 8. Nd5 Nge7 9. c3 Nxd5 10. Qxd5 Bb7 11. Qd1 g6 12. Nc2 Bg7 13. Bd3 O-O 14. Ne3 Ne7 15. a4 d5 16. exd5 Nxd5 17. O-O Nf4 18. Bc2 Qe7 19. axb5 axb5 20. Rxa8 Rxa8 21. f3 Bh6 22. g3 Nh3+ 23. Kg2 Ra1 24. Qd3 Nf4+ 25. gxf4 Bxf4 26. Bd2 Qg5+ 27. Kf2 Bxh2 28. Ng4 Qh4+ 29. Ke2 e4 30. Nh6+ Kf8 31. fxe4 Rxf1 32. Kxf1 Bf4 33. Nxf7 Bxd2 34. Qd6+ Kxf7 35. Bb3+ Kg7 36. Qd7+ Kh6 37. Qxd2+ Qg5 38. Qh2+ Kg7 39. Qc7+ Kh6 40. Qxb7 Qc1+ 41. Ke2 Qxb2+ 42. Kd3 Qxb3 43. Qd5 Qd1+ 44. Ke3 Qg1+ 45. Kd3 Qf1+ 46. Kd4 Qf2+ 47. Ke5 Qg3+ 48. Ke6 Qxc3 49. Qxb5 Qc8+ 1/2-1/2

[Event "Quebec op"]
[Site "Montreal CAN"]
[Date "1997.07.28"]
[Round "4"]
[White "Charbonneau, Pascal"]
[Black "Oparic, Ivan"]
[Result "1-0"]
[WhiteElo "2157"]
[BlackElo "2038"]
[PlyCount "37"]
[GameId "2160767911932351"]
[EventDate "1997.07.26"]
[EventType "swiss"]
[EventRounds "9"]
[EventCountry "CAN"]
[SourceTitle "EXT 97"]
[Source "ChessBase"]
[SourceDate "1997.11.17"]
[SourceVersion "1"]
[SourceVersionDate "1997.11.17"]
[SourceQuality "1"]

1. e4 Nf6 2. e5 Nd5 3. Nc3 e6 4. d4 d6 5. Nf3 Nxc3 6. bxc3 dxe5 7. Nxe5 Bd6 8. Qg4 Kf8 9. Qh5 Qe8 10. Bd3 Bxe5 11. Qxe5 Qc6 12. O-O Nd7 13. Ba3+ Kg8 14. g3 Nf6 15. c4 Qd7 16. Rfe1 c6 17. d5 cxd5 18. cxd5 Nxd5 19. Be4 1-0

[Event "Quebec op"]
[Site "Montreal CAN"]
[Date "1997.07.29"]
[Round "5"]
[White "Mikanovic, Goran"]
[Black "Charbonneau, Pascal"]
[Result "1/2-1/2"]
[WhiteElo "2336"]
[BlackElo "2157"]
[PlyCount "119"]
[GameId "2160767911932386"]
[EventDate "1997.07.26"]
[EventType "swiss"]
[EventRounds "9"]
[EventCountry "CAN"]
[SourceTitle "EXT 97"]
[Source "ChessBase"]
[SourceDate "1997.11.17"]
[SourceVersion "1"]
[SourceVersionDate "1997.11.17"]
[SourceQuality "1"]

1. d4 f5 2. g3 Nf6 3. Bg2 e6 4. Nf3 Be7 5. O-O O-O 6. c4 d6 7. b3 Qe8 8. Nc3 a5 9. Bb2 Na6 10. e3 Bd8 11. Ne2 c6 12. Nf4 Bc7 13. Nd3 Rf7 14. Qc2 Nb4 15. Nxb4 axb4 16. c5 d5 17. Ne5 Rf8 18. Nd3 Qh5 19. Nxb4 g5 20. f3 Bd7 21. Nd3 Be8 22. Ne5 Bg6 23. Qd2 Qh6 24. a4 Qg7 25. b4 h5 26. b5 h4 27. Rf2 hxg3 28. hxg3 Nh5 29. e4 Be8 30. exd5 exd5 31. bxc6 bxc6 32. Bf1 Nxg3 33. Bd3 Rf6 34. Rg2 f4 35. Ng4 Re6 36. Re1 Bd7 37. Rh2 Ba5 38. Rxe6 Bxd2 39. Rg6 Qxg6 40. Bxg6 Bxg4 41. fxg4 Be3+ 42. Kg2 Rxa4 43. Be8 Ra2 44. Kh3 Ne4 45. Bxc6 Nf6 46. Bb7 f3 47. c6 Ne8 48. Rc2 Nc7 49. Kg3 f2 50. Kg2 Bxd4 51. Bxd4 Rxc2 52. Bxf2 Kf7 53. Kf3 Ke7 54. Be3 Kf6 55. Bd4+ Ke7 56. Be3 Ne6 57. c7 Rxc7 58. Bxd5 Rc3 59. Bxe6 Kxe6 60. Ke4 1/2-1/2

[Event "Quebec op"]
[Site "Montreal CAN"]
[Date "1997.07.30"]
[Round "6"]
[White "Charbonneau, Pascal"]
[Black "Linskiy, Oleg"]
[Result "1-0"]
[WhiteElo "2157"]
[BlackElo "2389"]
[PlyCount "150"]
[GameId "2160767911932397"]
[EventDate "1997.07.26"]
[EventType "swiss"]
[EventRounds "9"]
[EventCountry "CAN"]
[SourceTitle "EXT 97"]
[Source "ChessBase"]
[SourceDate "1997.11.17"]
[SourceVersion "1"]
[SourceVersionDate "1997.11.17"]
[SourceQuality "1"]

1. e4 Nc6 2. Nf3 d5 3. exd5 Qxd5 4. Nc3 Qa5 5. h3 Nf6 6. d4 Bf5 7. Bc4 O-O-O 8. O-O e6 9. Be3 Qb4 10. Bb3 h6 11. a3 Qe7 12. Ba4 Nb8 13. Ne5 a6 14. Qe2 g5 15. b4 Rg8 16. g4 Bh7 17. b5 a5 18. b6 c6 19. Qc4 Nd5 20. Nb5 Nxb6 21. Na7+ Kc7 22. Qb3 Nxa4 23. Qxa4 b6 24. Naxc6 Qe8 25. d5 exd5 26. Bxb6+ Kd6 27. Bxd8 Nxc6 28. Qxc6+ Qxc6 29. Nxc6 Kxc6 30. Bxa5 Bc5 31. c3 Be4 32. Bb4 Ba7 33. Rac1 Kb5 34. Bd6 Rh8 35. Be5 Re8 36. Bd4 Bb8 37. f3 Bd3 38. Rfe1 Rc8 39. Kf2 Bd6 40. Red1 Bg6 41. Bg7 Bxa3 42. Rxd5+ Kc4 43. Rcd1 Bc5+ 44. Kg3 Bc2 45. Rd8 Rc6 46. R1d2 Bg6 47. Kg2 h5 48. Bd4 hxg4 49. hxg4 Ba3 50. Ra8 Bc1 51. Ra4+ Kd5 52. Rd1 Bf4 53. Be3+ Ke5 54. Bxf4+ gxf4 55. Re1+ Kf6 56. Rxf4+ Kg5 57. Kg3 Rxc3 58. Re5+ Kh6 59. Rd4 Kg7 60. g5 Bh5 61. Rf4 Rd3 62. Rf6 Ra3 63. Re1 Rb3 64. Rh1 Bg6 65. Kg4 Bd3 66. Re1 Rb4+ 67. Rf4 Rb2 68. Rd4 Bg6 69. Rc1 Rb5 70. Ra1 Bf5+ 71. Kf4 Be6 72. Rg1 Kg6 73. Ke3 Re5+ 74. Kd3 Rxg5 75. Rxg5+ Kxg5 1-0

[Event "Quebec op"]
[Site "Montreal CAN"]
[Date "1997.07.31"]
[Round "7"]
[White "Vera, Reynaldo"]
[Black "Charbonneau, Pascal"]
[Result "1-0"]
[WhiteElo "2530"]
[BlackElo "2157"]
[PlyCount "50"]
[GameId "2160767911932435"]
[EventDate "1997.07.26"]
[EventType "swiss"]
[EventRounds "9"]
[EventCountry "CAN"]
[SourceTitle "EXT 97"]
[Source "ChessBase"]
[SourceDate "1997.11.17"]
[SourceVersion "1"]
[SourceVersionDate "1997.11.17"]
[SourceQuality "1"]

1. d4 f5 2. Nc3 d5 3. Bg5 g6 4. e3 Bg7 5. h4 h6 6. Bf4 c6 7. Nf3 Nd7 8. Bd3 Ngf6 9. Ne5 Nxe5 10. Bxe5 Be6 11. g4 fxg4 12. Bxg6+ Kd7 13. Qd3 Qg8 14. O-O-O Bf7 15. h5 Bxg6 16. hxg6 Ne8 17. e4 Bxe5 18. dxe5 Qxg6 19. Nxd5 cxd5 20. Qxd5+ Kc7 21. Qd7+ Kb6 22. Rd3 Qc6 23. Qd4+ Kc7 24. Rc3 Ng7 25. Rxc6+ bxc6 1-0

[Event "Quebec op"]
[Site "Montreal CAN"]
[Date "1997.08.01"]
[Round "8"]
[White "Charbonneau, Pascal"]
[Black "Nogueiras, Jesus"]
[Result "0-1"]
[WhiteElo "2157"]
[BlackElo "2535"]
[PlyCount "70"]
[GameId "2160767911932438"]
[EventDate "1997.07.26"]
[EventType "swiss"]
[EventRounds "9"]
[EventCountry "CAN"]
[SourceTitle "EXT 97"]
[Source "ChessBase"]
[SourceDate "1997.11.17"]
[SourceVersion "1"]
[SourceVersionDate "1997.11.17"]
[SourceQuality "1"]

1. e4 e6 2. d3 b6 3. Nf3 Bb7 4. Nbd2 g6 5. g3 Bg7 6. Bg2 Ne7 7. O-O O-O 8. Nh4 d5 9. f4 dxe4 10. dxe4 Na6 11. e5 Bxg2 12. Nxg2 Nc5 13. Qe2 Qd4+ 14. Kh1 Rfd8 15. Nb3 Qe4 16. Qxe4 Nxe4 17. Re1 f5 18. Be3 Nd5 19. Bg1 c5 20. a3 Rd7 21. Rad1 c4 22. Nd4 c3 23. b3 Bf8 24. Ne3 Nxe3 25. Bxe3 Bc5 26. b4 Rxd4 27. Rxd4 Bxd4 28. Bxd4 Rd8 29. Be3 Rd2 30. Rc1 Re2 31. Bd4 Nd2 32. Rg1 Nf3 33. Rd1 Rxc2 34. Rd3 Ne1 35. Rd1 Nf3 0-1

[Event "Quebec op"]
[Site "Montreal CAN"]
[Date "1997.08.02"]
[Round "9"]
[White "Gladu, Pierre"]
[Black "Charbonneau, Pascal"]
[Result "1/2-1/2"]
[WhiteElo "2099"]
[BlackElo "2157"]
[PlyCount "80"]
[GameId "2160767911932460"]
[EventDate "1997.07.26"]
[EventType "swiss"]
[EventRounds "9"]
[EventCountry "CAN"]
[SourceTitle "EXT 97"]
[Source "ChessBase"]
[SourceDate "1997.11.17"]
[SourceVersion "1"]
[SourceVersionDate "1997.11.17"]
[SourceQuality "1"]

1. e4 c5 2. Nf3 Nc6 3. d4 cxd4 4. Nxd4 e5 5. Nb5 d6 6. c4 Be7 7. N1c3 a6 8. Na3 Be6 9. Be2 Bg5 10. O-O Bxc1 11. Rxc1 Nf6 12. Nc2 O-O 13. Qd2 Qb6 14. b3 Rfd8 15. Rfd1 Rac8 16. Qe3 Qxe3 17. Nxe3 Nd4 18. Bd3 Rc7 19. Nc2 Nxc2 20. Rxc2 Kf8 21. f3 Rdc8 22. a4 Nd7 23. Rcd2 Ke7 24. Bc2 Rc6 25. g4 h5 26. h3 hxg4 27. hxg4 Rh8 28. Kg2 Nf8 29. Rh1 Rxh1 30. Kxh1 Ng6 31. Nd5+ Bxd5 32. exd5 Rc5 33. Bxg6 fxg6 34. g5 Rc8 35. f4 exf4 36. Re2+ Kd7 37. Kg2 Rf8 38. Re6 f3+ 39. Kf2 a5 40. Rxg6 Rf7 1/2-1/2

[Event "CAN-ch U16 playoff 2-3"]
[Site "Montreal CAN"]
[Date "1997.07.12"]
[Round "1"]
[White "Charbonneau, Pascal"]
[Black "Glinert, Stephen"]
[Result "1-0"]
[WhiteElo "2242"]
[BlackElo "2305"]
[PlyCount "65"]
[GameId "2160767911932506"]
[EventDate "1997.07.12"]
[EventType "match"]
[EventRounds "2"]
[EventCountry "CAN"]
[SourceTitle "Echec+ 1997.09"]

1. e4 d6 2. d4 Nf6 3. Nc3 g6 4. Bg5 Bg7 5. f4 c6 6. Bd3 b5 7. Qd2 b4 8. Nce2 a5 9. Nf3 Na6 10. Ng3 Rb8 11. e5 dxe5 12. fxe5 Nd5 13. Bh6 Bxh6 14. Qxh6 Nac7 15. O-O-O Ne6 16. Ne4 Ndf4 17. g3 Nh5 18. Bc4 Nhg7 19. g4 a4 20. Rhf1 b3 21. cxb3 axb3 22. a3 Qa5 23. Kb1 Ba6 24. Bxa6 Qxa6 25. Rf2 Qc4 26. Nfg5 Kd7 27. Nc5+ Kc7 28. Nxf7 Rhf8 29. Qd2 Nxc5 30. dxc5 Rb7 31. Nd6 exd6 32. Qxd6+ Kc8 33. Rxf8+ 1-0

[Event "CAN-ch U16 playoff 2-3"]
[Site "Montreal CAN"]
[Date "1997.07.14"]
[Round "2"]
[White "Glinert, Stephen"]
[Black "Charbonneau, Pascal"]
[Result "0-1"]
[WhiteElo "2305"]
[BlackElo "2242"]
[PlyCount "90"]
[GameId "2160767911932507"]
[EventDate "1997.07.12"]
[EventType "match"]
[EventRounds "2"]
[EventCountry "CAN"]
[SourceTitle "Echec+ 1997.09"]

1. e4 c5 2. Nc3 Nc6 3. g3 g6 4. Bg2 Bg7 5. d3 d6 6. Be3 Rb8 7. Qd2 b5 8. Nge2 b4 9. Nd1 Nd4 10. Nc1 Bg4 11. Bxd4 cxd4 12. f3 Bd7 13. O-O Nf6 14. f4 O-O 15. h3 Qc7 16. g4 Rfc8 17. Rf2 a5 18. a4 bxa3 19. Rxa3 a4 20. c3 dxc3 21. bxc3 Rb1 22. Na2 Ra1 23. Bf3 Rb8 24. d4 Rbb1 25. Rf1 Bc6 26. Qe2 Qb7 27. d5 Bb5 28. c4 Qb6+ 29. Kg2 Bd7 30. Rd3 Ne8 31. Nac3 Rc1 32. Qd2 Qb3 33. Rf2 Qxc4 34. Ne3 Qb4 35. Nc2 Qb2 36. e5 dxe5 37. Nxa1 Qxa1 38. Ne2 Rb1 39. Qe3 Nd6 40. Nc3 exf4 41. Qxe7 Bxc3 42. Qxd7 Rg1+ 43. Kh2 Be5 44. Qc6 Rh1+ 45. Bxh1 f3# 0-1

[Event "Toronto int."]
[Site "Toronto CAN"]
[Date "1997.05.17"]
[Round "2"]
[White "Charbonneau, Pascal"]
[Black "Livshits, Ron"]
[Result "1/2-1/2"]
[WhiteElo "2238"]
[BlackElo "2485"]
[PlyCount "39"]
[GameId "2160767911965983"]
[EventDate "1997.05.16"]
[EventType "swiss"]
[EventRounds "7"]
[EventCountry "CAN"]

1. e4 c5 2. Nf3 Nc6 3. Nc3 d6 4. Bb5 Bd7 5. Bxc6 Bxc6 6. d4 cxd4 7. Qxd4 Nf6 8. Bg5 e6 9. O-O-O Be7 10. Rhe1 O-O 11. e5 dxe5 12. Qh4 Qc7 13. Nxe5 h6 14. Bxh6 gxh6 15. Qxh6 Ne4 16. Nxe4 Qxe5 17. Rd3 Bxe4 18. Rg3+ Qxg3 19. hxg3 Bg6 20. Rxe6 1/2-1/2